Uplatnenie marketingovej koncepcie v neziskovom sektore dizertačná práca

Na minha lista:
Detalhes bibliográficos
Autor principal: Mižičková, Ivana
Autor Corporativo: Ekonomická univerzita v Bratislave. Obchodná fakulta
Outros Autores: Čihovská, Viera
Formato: Livro
Idioma:eslovaco
Publicado em: Bratislava 2009
Assuntos:
Tags: Adicionar Tag
Sem tags, seja o primeiro a adicionar uma tag!

MARC

LEADER 00000nam$a2200000$$$4500
001 0100056
005 20230227091855.9
041 0 |a slo 
044 |a SK 
245 1 0 |a Uplatnenie marketingovej koncepcie v neziskovom sektore  |b dizertačná práca  |c Ivana Mižičková ; škol. Viera Čihovská 
264 1 |a Bratislava  |c 2009 
300 |a 204 s. 
610 2 0 |a marketing 
610 2 0 |a organizácie neziskové 
610 2 0 |a sektor terciárny 
610 2 0 |a nástroje marketingové 
100 1 |a Mižičková, Ivana 
700 1 |a Čihovská, Viera 
710 2 |a Ekonomická univerzita v Bratislave. Obchodná fakulta